000 00762nam a2200229Ia 4500
003 OSt
005 20220926021439.0
006 a|||||r|||| 00| 0
007 ta
008 220923b |||||||| |||| 00| 0 eng d
037 _cGeneral Book
040 _aRTL
_cRTL
_beng
041 _2eng
_aeng
082 _aV1N45,93:3.N72r, K2.4A/UN
110 _aUNITED NATIONS, ECONOMIC AND SOCIAL COUNCIL
245 0 _aEconomic commission for Latin America
_b Report on the 9th session of the committee of the whole (6-7June).
260 _aNew York
_bUN
_c1962
300 _a9p. Suppl.4A
_ccm.
700 _aUNITED NATIONS, ECONOMIC AND SOCIAL COUNCIL
942 _hV1N45,93:3.N72r, K2.4A/UN
_cGB
_2CC
999 _c636786
_d636786